00466nam a22001817a 450000500170000000800410001704000070005804100080006508200200007310000160009324500290010926000450013830000290018336500120021265000240022465000180024870000180026620230110091239.0230110b ||||| |||| 00| 0 eng d cAL aeng 223a821.8bBUCP aJohn Buchan aPoems of Robert Browning aLondonbthomas Nelson and Sons Ltdc1960 axiii,539p.bHBc16x11cm. 2English aMiscellaneous Poems aEnglish Poems aBUCHAN (John)